<?xml version="1.0" encoding="UTF-8"?>
<record
    xmlns:xsi="http://www.w3.org/2001/XMLSchema-instance"
    xsi:schemaLocation="http://www.loc.gov/MARC21/slim http://www.loc.gov/standards/marcxml/schema/MARC21slim.xsd"
    xmlns="http://www.loc.gov/MARC21/slim">

  <leader>02685nam a22002537a 4500</leader>
  <controlfield tag="003">NALT</controlfield>
  <controlfield tag="005">20230214092300.0</controlfield>
  <controlfield tag="008">220210b        th ||||| |||| 00| 0 tha d</controlfield>
  <datafield tag="020" ind1=" " ind2=" ">
    <subfield code="a">9789742885533</subfield>
  </datafield>
  <datafield tag="040" ind1=" " ind2=" ">
    <subfield code="a">NALT</subfield>
  </datafield>
  <datafield tag="090" ind1=" " ind2=" ">
    <subfield code="a">KS 63</subfield>
    <subfield code="b">&#xE1E;685&#xE2B; 2550</subfield>
  </datafield>
  <datafield tag="100" ind1="0" ind2=" ">
    <subfield code="9">10289</subfield>
    <subfield code="a">&#xE1E;&#xE34;&#xE19;&#xE34;&#xE08; &#xE17;&#xE34;&#xE1E;&#xE22;&#xE4C;&#xE21;&#xE13;&#xE35;</subfield>
  </datafield>
  <datafield tag="245" ind1="1" ind2="0">
    <subfield code="a">&#xE2B;&#xE25;&#xE31;&#xE01;&#xE01;&#xE0E;&#xE2B;&#xE21;&#xE32;&#xE22;&#xE18;&#xE38;&#xE23;&#xE01;&#xE34;&#xE08; /</subfield>
    <subfield code="c">&#xE1E;&#xE34;&#xE19;&#xE34;&#xE08; &#xE17;&#xE34;&#xE1E;&#xE22;&#xE4C;&#xE21;&#xE13;&#xE35;.</subfield>
  </datafield>
  <datafield tag="250" ind1=" " ind2=" ">
    <subfield code="a">&#xE1E;&#xE34;&#xE21;&#xE1E;&#xE4C;&#xE04;&#xE23;&#xE31;&#xE49;&#xE07;&#xE17;&#xE35;&#xE48; 2 &#xE41;&#xE01;&#xE49;&#xE44;&#xE02;&#xE40;&#xE1E;&#xE34;&#xE48;&#xE21;&#xE40;&#xE15;&#xE34;&#xE21;</subfield>
  </datafield>
  <datafield tag="260" ind1=" " ind2=" ">
    <subfield code="a">&#xE01;&#xE23;&#xE38;&#xE07;&#xE40;&#xE17;&#xE1E;&#xE2F; :</subfield>
    <subfield code="b">&#xE27;&#xE34;&#xE0D;&#xE0D;&#xE39;&#xE0A;&#xE19;,</subfield>
    <subfield code="c">2550.</subfield>
  </datafield>
  <datafield tag="300" ind1=" " ind2=" ">
    <subfield code="a">391 &#xE2B;&#xE19;&#xE49;&#xE32; ;</subfield>
    <subfield code="c">21 &#xE0B;&#xE21;.</subfield>
  </datafield>
  <datafield tag="505" ind1=" " ind2=" ">
    <subfield code="a">&#xE19;&#xE34;&#xE15;&#xE34;&#xE01;&#xE23;&#xE23;&#xE21; -- &#xE25;&#xE30;&#xE40;&#xE21;&#xE34;&#xE14; -- &#xE2A;&#xE31;&#xE0D;&#xE0D;&#xE32; -- &#xE15;&#xE31;&#xE27;&#xE41;&#xE17;&#xE19; -- &#xE15;&#xE31;&#xE27;&#xE41;&#xE17;&#xE19;&#xE04;&#xE49;&#xE32;&#xE15;&#xE48;&#xE32;&#xE07; -- &#xE19;&#xE32;&#xE22;&#xE2B;&#xE19;&#xE49;&#xE32; -- &#xE2A;&#xE31;&#xE0D;&#xE0D;&#xE32;&#xE08;&#xE31;&#xE14;&#xE15;&#xE31;&#xE49;&#xE07;&#xE2B;&#xE49;&#xE32;&#xE07;&#xE2B;&#xE38;&#xE49;&#xE19;&#xE2A;&#xE48;&#xE27;&#xE19;&#xE2B;&#xE23;&#xE37;&#xE2D;&#xE1A;&#xE23;&#xE34;&#xE29;&#xE31;&#xE17; -- &#xE2B;&#xE49;&#xE32;&#xE07;&#xE2B;&#xE38;&#xE49;&#xE19;&#xE2A;&#xE48;&#xE27;&#xE19;&#xE2A;&#xE32;&#xE21;&#xE31;&#xE0D; -- &#xE2B;&#xE49;&#xE32;&#xE07;&#xE2B;&#xE38;&#xE49;&#xE19;&#xE2A;&#xE48;&#xE27;&#xE19;&#xE08;&#xE33;&#xE01;&#xE31;&#xE14; -- &#xE1A;&#xE23;&#xE34;&#xE29;&#xE31;&#xE17;&#xE08;&#xE33;&#xE01;&#xE31;&#xE14; -- &#xE17;&#xE23;&#xE31;&#xE1E;&#xE22;&#xE4C; -- &#xE2A;&#xE31;&#xE0D;&#xE0D;&#xE32;&#xE0B;&#xE37;&#xE49;&#xE2D;&#xE02;&#xE32;&#xE22; -- &#xE02;&#xE32;&#xE22;&#xE1D;&#xE32;&#xE01; --&#xE15;&#xE31;&#xE4B;&#xE27;&#xE40;&#xE07;&#xE34;&#xE19; -- &#xE15;&#xE31;&#xE4B;&#xE27;&#xE41;&#xE25;&#xE01;&#xE40;&#xE07;&#xE34;&#xE19; -- &#xE15;&#xE31;&#xE4B;&#xE27;&#xE2A;&#xE31;&#xE0D;&#xE0D;&#xE32;&#xE43;&#xE0A;&#xE49;&#xE40;&#xE07;&#xE34;&#xE19; -- &#xE40;&#xE0A;&#xE47;&#xE04; -- &#xE2A;&#xE31;&#xE0D;&#xE0D;&#xE32;&#xE04;&#xE49;&#xE33;&#xE1B;&#xE23;&#xE30;&#xE01;&#xE31;&#xE19; -- &#xE2A;&#xE31;&#xE0D;&#xE0D;&#xE32;&#xE08;&#xE33;&#xE19;&#xE2D;&#xE07; -- &#xE2A;&#xE31;&#xE0D;&#xE0D;&#xE32;&#xE08;&#xE33;&#xE19;&#xE33; -- &#xE2A;&#xE31;&#xE0D;&#xE0D;&#xE32;&#xE01;&#xE39;&#xE49;&#xE22;&#xE37;&#xE21;&#xE40;&#xE07;&#xE34;&#xE19; -- &#xE2A;&#xE31;&#xE0D;&#xE0D;&#xE32;&#xE1B;&#xE23;&#xE30;&#xE01;&#xE31;&#xE19;&#xE20;&#xE31;&#xE22; -- &#xE1B;&#xE23;&#xE30;&#xE01;&#xE31;&#xE19;&#xE27;&#xE34;&#xE19;&#xE32;&#xE28;&#xE20;&#xE31;&#xE22; -- &#xE2A;&#xE31;&#xE0D;&#xE0D;&#xE32;&#xE1B;&#xE23;&#xE30;&#xE01;&#xE31;&#xE19;&#xE0A;&#xE35;&#xE27;&#xE34;&#xE15; -- &#xE25;&#xE34;&#xE02;&#xE2A;&#xE34;&#xE17;&#xE18;&#xE34;&#xE4C; -- &#xE2A;&#xE34;&#xE17;&#xE18;&#xE34;&#xE1A;&#xE31;&#xE15;&#xE23; -- &#xE40;&#xE04;&#xE23;&#xE37;&#xE48;&#xE2D;&#xE07;&#xE2B;&#xE21;&#xE32;&#xE22;&#xE01;&#xE32;&#xE23;&#xE04;&#xE49;&#xE32; -- &#xE01;&#xE0E;&#xE2B;&#xE21;&#xE32;&#xE22;&#xE41;&#xE23;&#xE07;&#xE07;&#xE32;&#xE19; -- &#xE01;&#xE0E;&#xE2B;&#xE21;&#xE32;&#xE22;&#xE27;&#xE48;&#xE32;&#xE14;&#xE49;&#xE27;&#xE22;&#xE2A;&#xE31;&#xE0D;&#xE0D;&#xE32;&#xE08;&#xE49;&#xE32;&#xE07;&#xE41;&#xE23;&#xE07;&#xE07;&#xE32;&#xE19;&#xE15;&#xE32;&#xE21;&#xE1B;&#xE23;&#xE30;&#xE21;&#xE27;&#xE25;&#xE01;&#xE0E;&#xE2B;&#xE21;&#xE32;&#xE22;&#xE41;&#xE1E;&#xE48;&#xE07;&#xE41;&#xE25;&#xE30;&#xE1E;&#xE32;&#xE13;&#xE34;&#xE0A;&#xE22;&#xE4C; -- &#xE01;&#xE0E;&#xE2B;&#xE21;&#xE32;&#xE22;&#xE04;&#xE38;&#xE49;&#xE21;&#xE04;&#xE23;&#xE2D;&#xE07;&#xE41;&#xE23;&#xE07;&#xE07;&#xE32;&#xE19; -- &#xE01;&#xE0E;&#xE2B;&#xE21;&#xE32;&#xE22;&#xE41;&#xE23;&#xE07;&#xE07;&#xE32;&#xE19;&#xE15;&#xE32;&#xE21;&#xE1E;&#xE23;&#xE30;&#xE23;&#xE32;&#xE0A;&#xE0D;&#xE31;&#xE15;&#xE15;&#xE34;&#xE40;&#xE07;&#xE34;&#xE19;&#xE17;&#xE14;&#xE41;&#xE17;&#xE19; &#xE1E;.&#xE28;. 2537 -- &#xE01;&#xE0E;&#xE2B;&#xE21;&#xE32;&#xE22;&#xE41;&#xE23;&#xE07;&#xE07;&#xE32;&#xE19;&#xE15;&#xE32;&#xE21;&#xE1E;&#xE23;&#xE30;&#xE23;&#xE32;&#xE0A;&#xE1A;&#xE31;&#xE0D;&#xE0D;&#xE31;&#xE15;&#xE34;&#xE1B;&#xE23;&#xE30;&#xE01;&#xE31;&#xE19;&#xE2A;&#xE31;&#xE07;&#xE04;&#xE21; &#xE1E;.&#xE28;. 2533 -- &#xE01;&#xE0E;&#xE2B;&#xE21;&#xE32;&#xE22;&#xE40;&#xE01;&#xE35;&#xE48;&#xE22;&#xE27;&#xE01;&#xE31;&#xE1A;&#xE01;&#xE32;&#xE23;&#xE23;&#xE30;&#xE07;&#xE31;&#xE1A;&#xE02;&#xE49;&#xE2D;&#xE1E;&#xE34;&#xE1E;&#xE32;&#xE17;&#xE17;&#xE32;&#xE07;&#xE18;&#xE38;&#xE23;&#xE01;&#xE34;&#xE08;.</subfield>
  </datafield>
  <datafield tag="650" ind1=" " ind2="4">
    <subfield code="9">18811</subfield>
    <subfield code="a">&#xE01;&#xE0E;&#xE2B;&#xE21;&#xE32;&#xE22;&#xE18;&#xE38;&#xE23;&#xE01;&#xE34;&#xE08;</subfield>
    <subfield code="z">&#xE44;&#xE17;&#xE22;</subfield>
  </datafield>
  <datafield tag="650" ind1=" " ind2="4">
    <subfield code="9">1624</subfield>
    <subfield code="a">&#xE01;&#xE0E;&#xE2B;&#xE21;&#xE32;&#xE22;&#xE18;&#xE38;&#xE23;&#xE01;&#xE34;&#xE08;</subfield>
  </datafield>
  <datafield tag="650" ind1=" " ind2="4">
    <subfield code="9">1604</subfield>
    <subfield code="a">&#xE01;&#xE0E;&#xE2B;&#xE21;&#xE32;&#xE22;&#xE1E;&#xE32;&#xE13;&#xE34;&#xE0A;&#xE22;&#xE4C;</subfield>
  </datafield>
  <datafield tag="850" ind1=" " ind2=" ">
    <subfield code="a">NALT</subfield>
  </datafield>
  <datafield tag="942" ind1=" " ind2=" ">
    <subfield code="2">local</subfield>
    <subfield code="c">LB</subfield>
  </datafield>
  <datafield tag="998" ind1=" " ind2=" ">
    <subfield code="a">phornvitoo</subfield>
    <subfield code="j">3099</subfield>
    <subfield code="k"> &#xE1E;&#xE23;&#xE27;&#xE34;&#xE17;&#xE39;  &#xE42;&#xE04;&#xE49;&#xE27;&#xE04;&#xE0A;&#xE32;&#xE20;&#xE23;&#xE13;&#xE4C;</subfield>
  </datafield>
  <datafield tag="999" ind1=" " ind2=" ">
    <subfield code="c">99519</subfield>
    <subfield code="d">99519</subfield>
  </datafield>
  <datafield tag="952" ind1=" " ind2=" ">
    <subfield code="0">0</subfield>
    <subfield code="1">0</subfield>
    <subfield code="2">local</subfield>
    <subfield code="4">0</subfield>
    <subfield code="7">0</subfield>
    <subfield code="8">CSEN</subfield>
    <subfield code="a">NALT</subfield>
    <subfield code="b">NALT</subfield>
    <subfield code="c">LAW</subfield>
    <subfield code="d">2022-02-10</subfield>
    <subfield code="o">KS 63 &#xE1E;685&#xE2B; 2550</subfield>
    <subfield code="p">0100002202001</subfield>
    <subfield code="r">2023-01-20 00:00:00</subfield>
    <subfield code="w">2022-02-10</subfield>
    <subfield code="y">LB</subfield>
  </datafield>
</record>
